Serie A 2024-2025 Top scorers - Statistics

General Stats
  • This quiz has been taken 22 times
  • The average score is 9 of 10
Answer Stats
Goals Nationality Club Player % Correct
12 Argentina Inter Milan Lautaro Martínez
100%
12 Ukraie Roma Artem Dovbyk
95%
14 France Inter Milan Marcus Thuram
95%
25 Italy Atalanta Mateo Retegui
95%
19 Italy Fiorentina Moise Kean
95%
14 Belgium Napoli Romelu Lukaku
95%
12 Scotland Napoli Scott McTominay
95%
15 Nigeria Atalanta Ademola Lookman
91%
12 Italy Udinese Lorenzo Lucca
86%
15 Italy Bologna Riccardo Orsolini
82%
No matching quizzes found
Score Distribution
Percent of People with Each Score
Percentile by Number Answered
Your Score History
You have not taken this quiz